书目信息 |
| 题名: |
乙醇加工副产品在畜牧业的应用
|
|
| 作者: | 贝比考克 , 劳伦斯 , 海斯 主编 ;曹志军 , 李胜利 , 曹兵海 译 | |
| 分册: | ||
| 出版信息: | 北京 化学工业出版社 2011.01 |
|
| 页数: | 146页 | |
| 开本: | 26cm | |
| 丛书名: | ||
| 单 册: | ||
| 中图分类: | TQ517.4 | |
| 科图分类: | ||
| 主题词: | 乙醇--yi chun--液体燃料--副产品--应用--畜牧业--研究 | |
| 电子资源: | ||
| ISBN: | 978-7-122-09513-8 | |
| 000 | 01735nam0 2200349 450 | |
| 001 | B00000095455 | |
| 005 | 20110716111338.07 | |
| 010 | @a978-7-122-09513-8@dCNY36.00 | |
| 100 | @a20101220d2011 km y0chiy50 ea | |
| 101 | 1 | @achi@ceng |
| 102 | @aCN@b110000 | |
| 105 | @aa a 000yy | |
| 106 | @ar | |
| 200 | 1 | @a乙醇加工副产品在畜牧业的应用@Ayi chun jia gong fu chan pin zai xu mu ye de ying yong@d= Using distillers grains in the U.S.and international livestock and poultry indusries@f(美) B.A.贝比考克(B.A.Babcock), (美) D.J.海斯(D.J.Hayes), (美) J.D.劳伦斯(J.D.Lawrence)主编@g曹志军, 李胜利, 曹兵海等译@zeng |
| 210 | @a北京@c化学工业出版社@d2011.01 | |
| 215 | @a146页@c图@d26cm | |
| 306 | @a本书中文简体字版由Midwest Agribusiness Trade Research and Information Center授权化学工业出版社独家出版发行 | |
| 320 | @a有书目 | |
| 330 | @a本书介绍了燃料乙醇加工副产品DDGS在畜牧业的应用,主要内容包括DDGS生产工艺、DDGS组成与营养成分、DDGS质量控制与新技术应用、DDGS在全世界的运输与市场,以及DDGS在肉牛、奶牛、猪、家禽日粮中的使用情况和最新研究进展,同时对DDGS产量和畜牧业的需要量进行了预测。 | |
| 333 | @a适合于饲料公司和养殖场技术人员使用,也可以供科研人员参考 | |
| 500 | 10 | @aUsing distillers grains in the U.S.and international livestock and poultry indusries@mChinese |
| 586 | @a | |
| 606 | 0 | @a乙醇@Ayi chun@x液体燃料@x副产品@x应用@x畜牧业@x研究 |
| 690 | @aTQ517.4@v5 | |
| 701 | 1 | @a贝比考克@Abei bi kao ke@g(Babcock, B.A.)@4主编 |
| 701 | 0 | @a劳伦斯@Alao lun si@g(Lawrence, J.D.)@4主编 |
| 701 | 1 | @a海斯@Ahai si@g(Hayes, D.J.)@4主编 |
| 702 | 0 | @a曹志军@Acao zhi jun@4译 |
| 702 | 0 | @a李胜利@Ali sheng li@4译 |
| 702 | 0 | @a曹兵海@Acao bing hai@4译 |
| 801 | 0 | @aCN@c20110610 |
| 905 | @dTQ517.4@eB675@f3 | |
| 乙醇加工副产品在畜牧业的应用= Using distillers grains in the U.S.and international livestock and poultry indusries/(美) B.A.贝比考克(B.A.Babcock), (美) D.J.海斯(D.J.Hayes), (美) J.D.劳伦斯(J.D.Lawrence)主编/曹志军, 李胜利, 曹兵海等译.-北京:化学工业出版社,2011.01 |
| 146页:图;26cm |
| 使用对象:适合于饲料公司和养殖场技术人员使用,也可以供科研人员参考 |
| ISBN 978-7-122-09513-8:CNY36.00 |
| 本书介绍了燃料乙醇加工副产品DDGS在畜牧业的应用,主要内容包括DDGS生产工艺、DDGS组成与营养成分、DDGS质量控制与新技术应用、DDGS在全世界的运输与市场,以及DDGS在肉牛、奶牛、猪、家禽日粮中的使用情况和最新研究进展,同时对DDGS产量和畜牧业的需要量进行了预测。 |
| ● |
| 相关链接 |
|
|
|
正题名:乙醇加工副产品在畜牧业的应用
索取号:TQ517.4/B675
 
预约/预借
| 序号 | 登录号 | 条形码 | 馆藏地/架位号 | 状态 | 备注 |
| 1 | 884630 | 208846301 | 自科二线504/504自科库 44排3列4层/ [索取号:TQ517.4/B675] | 在馆 | |
| 2 | 884631 | 208846310 | 自科二线504/504自科库 44排3列4层/ [索取号:TQ517.4/B675] | 在馆 | |
| 3 | 884632 | 208846329 | 自科二线504/504自科库 44排3列4层/ [索取号:TQ517.4/B675] | 在馆 |